Stolice regionów w państwach Unii Europejskiej - Statystyki

Ogólne statystyki
  • Ten quiz został rozwiązany 43 razy
  • Średni wynik to 108 z 369
Statystyki odpowiedzi
Region Stolica % Poprawnych
Bawaria Monachium
90%
Attyka Ateny
86%
Katalonia Barcelona
86%
Berlin Berlin
86%
Budapeszt | Pest Budapeszt
83%
Bukareszt-Ilfov Bukareszt
83%
Madryt Madryt
83%
Île-de-France Paryż
83%
Dolnośląskie Wrocław
83%
Podlaskie Białystok
79%
Kraj bratysławski Bratysława
79%
Region Stołeczny Brukseli Bruksela
79%
Kujawsko-pomorskie Bydgoszcz/Toruń
79%
Lubuskie Gorzów Wielkopolski/Zielona Góra
79%
Małopolskie Kraków
79%
Łódzkie Łódź
79%
Lubelskie Lublin
79%
Kraj środkowoczeski | Praga Praga
79%
Mazowieckie Warszawa
79%
Wiedeń Wiedeń
79%
Dublin Dublin
76%
Pomorskie Gdańsk
76%
Hamburg Hamburg
76%
Śląskie Katowice
76%
Warmińsko-mazurskie Olsztyn
76%
Porto Porto
76%
Obwód sofijski | Sofia – miasto Sofia
76%
Zachodniopomorskie Szczecin
76%
Miasto Zagrzeb | Żupania zagrzebska Zagrzeb
76%
Braga Braga
72%
Brema Brema
72%
Holandia Południowa Haga
72%
Świętokrzyskie Kielce
72%
Dystrykt Lizboński Lizbona
72%
Opolskie Opole
72%
Wielkopolskie Poznań
72%
Sztokholm Sztokholm
72%
Uusimaa Helsinki
69%
Luksemburg Luksemburg
69%
Prowansja-Alpy-Lazurowe Wybrzeże Marsylia
69%
Lombardia Mediolan
69%
Sycylia Palermo
69%
Podkarpackie Rzeszów
69%
Andaluzja Sewilla/Grenada
69%
Piemont Turyn
69%
Walencja Walencja
69%
Wenecja Euganejska Wenecja
69%
Antwerpia Antwerpia
66%
Saksonia Drezno
66%
Owernia-Rodan-Alpy Lyon
66%
Kampania Neapol
66%
Cork Cork
62%
Okręg kowieński Kowno
62%
Nikozja Nikozja
62%
Lacjum Rzym
62%
Macedonia Środkowa Saloniki
62%
Okręg wileński Wilno
62%
Kraj południowomorawski Brno
59%
Toskania Florencja
59%
Okręg kłajpedzki Kłajpeda
59%
Baleary Palma de Mallorca
59%
Kraj pilzneński Pilzno
59%
Salzburg Salzburg
59%
Apulia Bari
55%
Ceuta Ceuta
55%
Kraj koszycki Koszyce
55%
Skania Malmö
55%
Badenia-Wirtembergia Stuttgart
55%
Tartu Tartu
55%
Burgas Burgas
52%
Gibraltar Gibraltar
52%
Västra Götaland Göteborg
52%
Styria Graz
52%
Tyrol Innsbruck
52%
Liège Liège
52%
Okręg mariampolski Mariampol
52%
Murcja Murcja/Kartagena
52%
Kraj ołomuniecki Ołomuniec
52%
Aragonia Saragossa
52%
Żupania splicko-dalmatyńska Split
52%
Utrecht Utrecht
52%
Warna Warna
52%
Kraj zliński Zlin
52%
Coimbra Coimbra
48%
Żupania dubrownicko-neretwiańska Dubrownik
48%
Faro Faro
48%
Górna Austria Linz
48%
Parnawa Parnawa
48%
Emilia-Romania Bolonia
45%
Nowa Akwitania Bordeaux
45%
Liguria Genua
45%
Północno-Zachodni (Rumunia) Kluż-Napoka
45%
Limassol Limassol
45%
Melilla Melilla
45%
Harjumaa Tallinn
45%
Kraj trnawski Trnawa
45%
Sardynia Cagliari
41%
Nadrenia Północna-Westfalia Düsseldorf
41%
Groningen Groningen
41%
Kraj hradecki Hradec Králové
41%
Kraj liberecki Liberec
41%
Kraj morawsko-śląski Ostrawa
41%
Kraj pardubicki Pardubice
41%
Płowdiw Płowdiw
41%
Kraj preszowski Preszów
41%
Ruse Ruse
41%
Kraj trenczyński Trenczyn
41%
Uppsala Uppsala
41%
Żupania zadarska Zadar
41%
Kraj bańskobystrzycki Bańska Bystrzyca
38%
Galway Galway
38%
Kraj karlowarski Karlowe Wary
38%
Larnaka Larnaka
38%
Famagusta Larnaka/Paralimni
38%
Hauts-de-France Lille
38%
Limerick Limerick
38%
Łowecz Łowecz
38%
Montana Montana
38%
Namur Namur
38%
Kraj Loary Nantes
38%
Kraj nitrzański Nitra
38%
Pafos Pafos
38%
Grand Est Strasburg
38%
Okręg szawelski Szawle
38%
Finlandia Południowo-Zachodnia Turku
38%
Wraca Wraca
38%
Jutlandia Północna Aalborg
34%
Korsyka Ajaccio
34%
Clervaux Clervaux
34%
Évora Évora
34%
Örebro Örebro
34%
Plewen Plewen
34%
Razgrad Razgrad
34%
Setúbal Setúbal
34%
Sligo Sligo
34%
Sliwen Sliwen
34%
Stara Zagora Stara Zagora
34%
Friuli-Wenecja Julijska Triest
34%
Wexford Wexford
34%
Widyń Widyń
34%
Kraj żyliński Żylina
34%
Beja Beja
31%
Carlow Carlow
31%
Chaskowo Chaskowo
31%
Gabrowo Gabrowo
31%
Flandria Wschodnia Gandawa
31%
Kreta Heraklion
31%
Kalmar Kalmar
31%
Kilkenny Kilkenny
31%
Longford Longford
31%
Żupania osijecko-barańska Osijek
31%
Brandenburgia Poczdam
31%
Remich Remich
31%
Smolan Smolan
31%
Szumen Szumen
31%
Pirkanmaa Tampere
31%
Zachodni (Rumunia) Timișoara
31%
Wicklow Wicklow
31%
Wielkie Tyrnowo Wielkie Tyrnowo
31%
Wiltz Wiltz
31%
Błagojewgrad Błagojewgrad
28%
Capellen Capellen
28%
Cavan Cavan
28%
Dobricz Dobricz
28%
Madera Funchal
28%
Gävleborg Gävle
28%
Győr-Moson-Sopron Győr
28%
Dolna Saksonia Hanower
28%
Pazardżik Pazardżik
28%
Pernik Pernik
28%
Bretania Rennes
28%
Żupania primorsko-gorska Rijeka
28%
Santarém Santarém
28%
Silistra Silistra
28%
Oksytania Tuluza
28%
Żupania varażdińska Varaždin
28%
Veszprém Veszprém
28%
Vila Real Vila Real
28%
Viseu Viseu
28%
Bragança Bragança
24%
Castelo Branco Castelo Branco
24%
Hajdú-Bihar Debreczyn
24%
Diekirch Diekirch
24%
Echternach Echternach
24%
Esch-sur-Alzette Esch-sur-Alzette
24%
Guarda Guarda
24%
Jamboł Jamboł
24%
Jönköping Jönköping
24%
Szlezwik-Holsztyn Kilonia
24%
Karyntia Klagenfurt am Wörthersee
24%
Wyspy Jońskie Korfu
24%
Kyrdżali Kyrdżali
24%
Leiria Leiria
24%
Mersch Mersch
24%
Monaghan Monaghan
24%
Asturia Oviedo
24%
Okręg poniewieski Poniewież
24%
Raplamaa Rapla
24%
Redange Redange
24%
Roscommon Roscommon
24%
Laponia Rovaniemi
24%
Saara Saarbrücken
24%
Wyspy Kanaryjskie Santa Cruz de Tenerife/Las Palmas
24%
Aveiro Aveiro
21%
Flandria Zachodnia Brugia
21%
Gujana Francuska Kajenna
21%
Portalegre Portalegre
21%
Normandia Rouen/Caen
21%
Galicja Santiago de Compostela/A Coruña
21%
Żupania szybenicko-knińska Szybenik
21%
Okręg tauroski Taurogi
21%
Valgamaa Valga
21%
Kastylia i León Valladolid/Burgos
21%
Vianden Vianden
21%
Burgundia-Franche-Comté Besançon/Dijon
17%
Epir Janina
17%
Kiustendił Kiustendił
17%
Saksonia-Anhalt Magdeburg
17%
Nawarra Pampeluna
17%
Żupania brodzko-posawska Slavonski Brod
17%
Trydent-Górna Adyga Trydent
17%
Viana do Castelo Viana do Castelo
17%
Viljandimaa Viljandi
17%
Võrumaa Võru
17%
Dolina Aosty Aosta
14%
Kraj południowoczeski Czeskie Budziejowice
14%
Turyngia Erfurt
14%
Grevenmacher Grevenmacher
14%
Nadrenia-Palatynat Moguncja
14%
Region Centralny-Dolina Loary Orlean
14%
Põlvamaa Põlva
14%
Csongrád-Csanád Szeged
14%
Kastylia-La Mancha Toledo/Albacete
14%
Tyrgowiszte Tyrgowiszte
14%
Heves Eger
10%
Holandia Północna Haarlem
10%
Finlandia Środkowa Jyväskylä
10%
Żupania kopriwnicko-kriżewczyńska Koprivnica
10%
Sawonia Północna Kuopio
10%
Päijät-Häme Lahti
10%
Ostrobotnia Północna Oulu
10%
Grecja Zachodnia Patras
10%
Kantabria Santander
10%
Żupania sisacko-moslawińska Sisak
10%
Kraj ustecki Uście nad Łabą
10%
Marche Ankona
7%
Południowo-Zachodni (Rumunia) Craiova
7%
Żupania karlowacka Karlovac
7%
Blekinge Karlskrona
7%
Tesalia Larisa
7%
Fryzja Leeuwarden
7%
Estremadura Mérida
7%
Borsod-Abaúj-Zemplén Miszkolc
7%
Okręg olicki Olita
7%
Reunion Saint-Denis
7%
Meklemburgia-Pomorze Przednie Schwerin
7%
Dolna Austria St. Pölten
7%
Fejér Székesfehérvár
7%
Jász-Nagykun-Szolnok Szolnok
7%
Gotland Visby
7%
Kraj Basków Vitoria
7%
Żupania vukowarsko-srijemska Vukovar
7%
Geldria Arnhem
3%
Gwadelupa Basse-Terre
3%
Békés Békéscsaba
3%
Vorarlberg Bregencja
3%
Kalabria Catanzaro
3%
Louth Dundalk
3%
Burgenland Eisenstadt
3%
Dalarna Falun
3%
Martynika Fort-de-France
3%
Jõgevamaa Jõgeva
3%
Ostrobotnia Środkowa Kokkola
3%
Kymenlaakso Kouvola
3%
Żupania krapińsko-zagorska Krapina
3%
Sarema Kuressaare
3%
Grecja Środkowa Lamia
3%
Karelia Południowa Lappeenranta
3%
Abruzja L’Aquila
3%
La Rioja Logroño
3%
Limburgia Maastricht
3%
Zelandia (Holandia) Middelburg
3%
Sawonia Południowa Mikkeli
3%
Kildare Naas
3%
Jämtland Östersund
3%
Baranya Pécs
3%
Umbria Perugia
3%
Azory Ponta Delgada
3%
Komárom-Esztergom Tatabánya
3%
Okręg telszański Telsze
3%
Okręg uciański Uciana
3%
Hesja Wiesbaden
3%
Overijssel Zwolle
3%
Centralny (Rumunia) Alba Iulia
0%
Luksemburgia Arlon
0%
Drenthe Assen
0%
Żupania bielowarsko-bilogorska Bjelovar
0%
Południowo-Wschodni (Rumunia) Braiła
0%
Żupania medzimurska Čakovec
0%
Południowy (Rumunia) Călărași
0%
Molise Campobasso
0%
Leitrim Carrick-on-Shannon
0%
Mayo Castlebar
0%
Waterford Dungarvan
0%
Clare Ennis
0%
Wyspy Egejskie Południowe Ermupolis
0%
Żupania licko-seńska Gospić
0%
Läänemaa Haapsalu
0%
Halland Halmstad
0%
Kanta-Häme Hämeenlinna
0%
Västernorrland Härnösand
0%
Limburgia Hasselt
0%
Region Stołeczny Danii Hillerød
0%
Wysoczyna Igława
0%
Karelia Północna Joensuu
0%
Virumaa Wschodnia Jõhvi
0%
Kainuu Kajaani
0%
Somogy Kaposvár
0%
Hiuma Kärdla
0%
Athos Karies
0%
Värmland Karlstad
0%
Bács-Kiskun Kecskemét
0%
Macedonia Wschodnia i Tracja Komotini
0%
Macedonia Zachodnia Kozani
0%
Flevoland Lelystad
0%
Brabancja Flamandzka Leuven
0%
Donegal Lifford
0%
Östergötland Linköping
0%
Norrbotten Luleå
0%
Wyspy Alandzkie Maarianhamina
0%
Majotta Mamoudzou
0%
Saint-Martin Marigot
0%
Wyspy Egejskie Północne Mitylena
0%
Hainaut Mons
0%
Westmeath Mullingar
0%
Meath Navan
0%
Tipperary Nenagh/Clonmel
0%
Szabolcs-Szatmár-Bereg Nyíregyháza
0%
Södermanland Nyköping
0%
Järvamaa Paide
0%
Żupania istryjska Pazin
0%
Północno-Wschodni (Rumunia) Piatra Neamț
0%
Satakunta Pori
0%
Laois Portlaoise
0%
Basilicata Potenza
0%
Żupania pożedzko-slawońska Požega
0%
Virumaa Zachodnia Rakvere
0%
Nógrád Salgótarján
0%
Ostrobotnia Południowa Seinäjoki
0%
Brabancja Północna ’s-Hertogenbosch
0%
Zelandia (Dania) Sorø
0%
Tolna Szekszárd
0%
Vas Szombathely
0%
Kerry Tralee
0%
Peloponez Tripoli
0%
Offaly Tullamore
0%
Västerbotten Umeå
0%
Ostrobotnia Vaasa
0%
Västmanland Västerås
0%
Kronoberg Växjö
0%
Dania Południowa Vejle
0%
Jutlandia Środkowa Viborg
0%
Żupania virowiticko-podrawska Virovitica
0%
Brabancja Walońska Wavre
0%
Zala Zalaegerszeg
0%
Nie znaleziono quizów pasujących do podanych kryteriów
Rozkład punktacji
Procent ludzi z każdym wynikiem
Percentyl według liczby udzielonych odpowiedzi
Twoja historia wyników
Nie rozwiązałeś tego quizu